| 000 | 00433nam a2200133Ia 4500 | ||
|---|---|---|---|
| 008 | 170221s9999 xx 000 0 und d | ||
| 100 | _aÖzgül Birsen | ||
| 245 | _aProgrammer or Moderator: Redefining the Listener on Interactive Broadcasting | ||
| 245 | _cÖzgül Birsen | ||
| 260 | _bOnline Journal of Communication and Media Technologies | ||
| 650 | _xCommunication | ||
| 650 | _xMedia Arts | ||
| 856 | _uhttp://www.ojcmt.net/ | ||
| 999 |
_c312575 _d312575 |
||